Statistiques concernant Les pays moyens

Cliquez ici pour prendre le quiz!

Statistiques générales

  • Ce quiz a été pris 29 fois
  • Le résultat moyen est 3 sur 10

Statistiques - réponses

ScorePays% Correct
98.66Serbie
56%
98Syrie
48%
95.33Bulgarie
44%
100Israël
41%
98.33Laos
41%
96Jordanie
37%
100.66Honduras
33%
97Irlande
30%
100.66Mauritanie
11%
100.33Malawi
4%

Distribution des résultats

Percentile par nombre de réponses

% des personnes avec chaque résultat

Votre développement - résultats

Vous n’avez pas pris ce quiz